[Event "HZ Open 2013"]
[Site "Vlissingen NED"]
[Date "2013.08.09"]
[Round "8.48"]
[White "Klapwijk,Bram"]
[Black "Verbruggen,S"]
[Result "0-1"]
[WhiteElo "2048"]
[BlackElo "1918"]

1.e4 c5 2.Nc3 Nc6 3.Bb5 Nd4 4.Bc4 e6 5.Nge2 Ne7 6.O-O d5 7.exd5 exd5 8.Nxd5 Nxd5
9.Nxd4 cxd4 10.Qh5 Be7 11.Bxd5 O-O 12.d3 a5 13.a4 Ra6 14.Bd2 Rg6 15.Bf3 Bg5
16.Be4 f5 17.Bxg5 Rxg5 18.Bd5+ Kh8 19.Qf3 f4 20.Bxb7 Bg4 21.Qc6 Bh3 22.Rfe1 Bxg2
23.Qxg2 Rxg2+ 24.Bxg2 Qg5 25.Kh1 f3 26.Bxf3 g6 27.Bc6 Rxf2 28.Rg1 Qd2 29.Rg2 Rxg2
30.Bxg2 Qxc2 31.Bd5 Qxd3 32.b4 Qc3 33.Rb1 Qc2 34.Ra1 Qb2 35.Re1 Qxb4  0-1

[Event "39th Badalona Open A"]
[Site "Badalona ESP"]
[Date "2013.08.10"]
[Round "9.5"]
[White "Vocaturo,D"]
[Black "Gallego Alcaraz,A"]
[Result "1-0"]
[WhiteElo "2549"]
[BlackElo "2421"]

1.e4 c5 2.Nc3 Nc6 3.Bb5 Nd4 4.Bc4 Nf6 5.Nge2 e6 6.O-O a6 7.d3 b5 8.Bb3 Nxb3
9.axb3 Bb7 10.f4 d5 11.e5 d4 12.exf6 dxc3 13.f5 Qxf6 14.fxe6 cxb2 15.Bxb2 Qxb2
16.exf7+ Kd8 17.d4 Be4 18.Qe1 Bb7 19.Qa5+ Kc8 20.Ra2 Qxa2 21.Qxa2 Bd6 22.c4 Kd7
23.b4 cxd4 24.c5 Be5 25.f8=Q  1-0

[Event "22nd ZMDI Open 2013"]
[Site "Dresden GER"]
[Date "2013.08.10"]
[Round "1.38"]
[White "Boettger,L"]
[Black "Kieslich,Aaron"]
[Result "0-1"]
[WhiteElo "2240"]
[BlackElo "2011"]

1.e4 c5 2.Nc3 Nc6 3.Nge2 d6 4.d4 cxd4 5.Nxd4 a6 6.Be3 Nf6 7.f3 g6 8.Qd2 Bg7
9.g4 O-O 10.O-O-O Bd7 11.g5 Nh5 12.Nd5 e6 13.Nxc6 bxc6 14.Nb6 Rb8 15.Qa5 d5
16.Qxa6 Bc8 17.Qa5 d4 18.c3 e5 19.cxd4 exd4 20.Qc5 Qxb6 21.Qxb6 Rxb6 22.Bxd4 Bxd4
23.Rxd4 Be6 24.Bc4 Bxc4 25.Rxc4 Rd8 26.Kc2 Nf4 27.a4 Ne6 28.b4 Nd4+ 29.Kc3 Nxf3
30.a5 Ra6 31.Rc5 Nd4 32.Kc4 Ne6 33.Re5 Rd4+ 34.Kc3 Rd8 35.Rf1 Ra7 36.Rf6 Rd1
37.Rexe6 fxe6 38.Rxe6 Kf7 39.Rf6+ Ke7  0-1

[Event "21st Poznan Open"]
[Site "Poznan POL"]
[Date "2013.08.10"]
[Round "4.18"]
[White "Przybylak,L"]
[Black "Zakrzewski,Bartosz"]
[Result "1-0"]
[WhiteElo "1890"]
[BlackElo "1544"]

1.e4 c5 2.Nc3 Nc6 3.Nge2 g6 4.d3 Bg7 5.g3 Rb8 6.Be3 b5 7.Bxc5 b4 8.Na4 Qa5
9.b3 Bxa1 10.Qxa1 f6 11.Bg2 e5 12.Bd6 Ra8 13.Qc1 Ba6 14.f4 Nh6 15.O-O Nf7
16.Bc5 d6 17.Be3 Rc8 18.Bh3 Rc7 19.Be6 Nd4 20.Bxd4 exd4 21.Qb2 Ke7 22.Nxd4 Bc8
23.Bc4 Bd7 24.Rf2 Rhc8 25.Kg2 h5 26.h3 Nd8 27.Re2 Nc6 28.Nf3 Be6 29.Nh4 Bxc4
30.dxc4 Kf7 31.Rd2 Rd7 32.Rd5 Qa6 33.Nc5 dxc5 34.Rxd7+ Ke6 35.Rd5 g5 36.fxg5 fxg5
37.Qg7 gxh4 38.Qd7+ Kf6  1-0

[Event "3rd Split Open 2013"]
[Site "Split CRO"]
[Date "2013.08.10"]
[Round "1.11"]
[White "Kadric,D"]
[Black "Braun,Ru"]
[Result "1-0"]
[WhiteElo "2458"]
[BlackElo "1971"]

1.e4 c5 2.Nc3 Nc6 3.Bb5 Nd4 4.Nf3 a6 5.Bd3 Nxf3+ 6.Qxf3 g6 7.O-O Bg7 8.b3 d6
9.Bb2 e6 10.Rae1 Ne7 11.Nd1 e5 12.Qg3 b5 13.f4 Nc6 14.f5 Qa5 15.Ne3 Ra7 16.Bc3 b4
17.Bb2 Bh6 18.Qh4 Bg7 19.Rf2 Qd8 20.Qh3 Qg5 21.Nc4 Bf8 22.Nb6 Qd8 23.Nxc8 Qxc8
24.Bc4 Bg7 25.f6 Nb8  1-0

[Event "Stockholm Open 2013"]
[Site "Stockholm SWE"]
[Date "2013.08.10"]
[Round "8.3"]
[White "Palmqvist,F"]
[Black "Karlsson,L"]
[Result "0-1"]
[WhiteElo "2040"]
[BlackElo "2411"]

1.e4 c5 2.Nc3 Nc6 3.Bb5 Nd4 4.Bc4 e6 5.Nge2 a6 6.a4 Nf6 7.O-O b6 8.d3 Bb7
9.Bg5 Qc7 10.Nxd4 cxd4 11.Ne2 Ng4 12.Bf4 Bd6 13.Bxd6 Qxd6 14.Ng3 h5 15.h3 Ne5
16.Bb3 g5 17.Nxh5 O-O-O 18.f4 gxf4 19.Nxf4 Rdg8 20.Qe2 Rg3 21.c3 f5 22.Rac1 Kb8
23.cxd4 Qxd4+ 24.Qf2 Nf3+ 25.Kh1 Qxf2 26.Rxf2 Nd4 27.Bd1 e5 28.Ne2 Rxd3 29.Nxd4 exd4
30.Bc2 Re3 31.Rd1 fxe4 32.Rxd4 Re1+ 33.Kh2 e3 34.Rf7 Re2 35.Be4 Rd2 36.Rxd2 exd2
37.Bc2 Rc8 38.Bd1 Rc1 39.Rf1 Be4 40.Kg3 Bc2  0-1

[Event "HZ Open 2013"]
[Site "Vlissingen NED"]
[Date "2013.08.10"]
[Round "9.37"]
[White "Von Meijenfeldt,Bart"]
[Black "Dijkstra,A"]
[Result "1-0"]
[WhiteElo "2202"]
[BlackElo "1982"]

1.e4 c5 2.Nc3 Nc6 3.Bb5 Nd4 4.Bc4 e6 5.Nge2 a6 6.Nxd4 cxd4 7.Ne2 b5 8.Bd3 Qb6
9.O-O d6 10.c3 dxc3 11.bxc3 Bb7 12.Bc2 Nf6 13.d3 Qc7 14.a4 d5 15.axb5 Bd6
16.bxa6 Bxh2+ 17.Kh1 Bd6 18.Ba4+ Bc6 19.Nd4 Bxa4 20.Qxa4+ Qd7 21.f4 dxe4
22.Qc6 Qxc6 23.Nxc6 exd3 24.Be3 Ne4 25.Rfd1 d2 26.c4 Bxf4 27.Bxf4 Nf2+ 28.Kh2 Nxd1
29.Rxd1 Rxa6 30.Nb4 Ra4 31.Bd6 Kd7 32.Rxd2 Rc8 33.c5 Rxb4 34.c6+ Rxc6 35.Bxb4+ Ke8
36.Ra2 Rc7 37.Ra8+ Kd7 38.Rg8 g6 39.Rg7 Kc6 40.Rxh7 e5 41.Rh3 Kd5 42.Rd3+ Ke4
43.Rd6 Kf5 44.Kg3 Rc4 45.Bd2 Ra4 46.Kf3 Rc4 47.Bh6 Rc3+ 48.Be3 Rc4 49.Bh6 Rc3+
50.Kf2 Rc2+ 51.Kg3 Rc3+ 52.Kh2 Rc7 53.Bg7 Re7 54.Kg3 Ra7 55.Rf6+ Kg5 56.Rf3 f5
57.Bxe5 Ra4 58.Bf4+ Kf6 59.Rb3 Re4 60.Rb6+ Kf7 61.Kf3 Ra4 62.Be5 Re4 63.Bb2 Rg4
64.g3 Ke7 65.Ba3+ Kf7 66.Bb2 Ke7 67.Rb7+ Ke6 68.Rg7 Kd6 69.Rh7 Re4 70.Rg7 Rg4
71.Rh7 Re4 72.Rh4 Re6 73.Rb4 Ke7 74.Kf4 Kf7 75.Be5 Kf8 76.Rc4 Ke8 77.Rc5 Ke7
78.Kg5 Kf7 79.Bf4 Ra6 80.Rc7+ Kf8 81.Rd7 Rc6 82.Rd6  1-0

[Event "3rd Split Open 2013"]
[Site "Split CRO"]
[Date "2013.08.11"]
[Round "2.4"]
[White "Bosiocic,Mari"]
[Black "Blom,V"]
[Result "1-0"]
[WhiteElo "2563"]
[BlackElo "2184"]

1.e4 c5 2.Nf3 Nc6 3.Nc3 Nf6 4.Bb5 Qc7 5.O-O g6 6.Re1 a6 7.Bxc6 dxc6 8.e5 Nd5
9.Ne4 Qb6 10.h3 Bg7 11.c4 Nc7 12.Nf6+ Kf8 13.Ne4 Bf5 14.Ng3 Be6 15.d3 h6
16.Be3 a5 17.a3 f5 18.exf6 Bxf6 19.Ne4 Bd4 20.Qd2 Kg7 21.Nxd4 cxd4 22.Bf4  1-0

[Event "Stare Mesto Open 2013"]
[Site "Stare Mesto CZE"]
[Date "2013.08.11"]
[Round "3.2"]
[White "Jurcik,Mari"]
[Black "Rabatin,J"]
[Result "1-0"]
[WhiteElo "2488"]
[BlackElo "2237"]

1.e4 c5 2.Nc3 Nc6 3.Nf3 d6 4.d4 cxd4 5.Nxd4 Nf6 6.Bg5 e6 7.Qd2 h6 8.Bxf6 gxf6
9.O-O-O a6 10.f4 Bd7 11.g3 Qb6 12.Nb3 O-O-O 13.Bh3 h5 14.Kb1 Be7 15.Ne2 h4
16.f5 Rh7 17.Nf4 hxg3 18.hxg3 Rdh8 19.Qg2 Kb8 20.fxe6 fxe6 21.Bxe6 Rxh1 22.Rxh1 Rxh1+
23.Qxh1 Bxe6 24.Nxe6 Qf2 25.a3 Qxg3 26.Nbd4 Nxd4 27.Nxd4 Bd8 28.Qd1 Qe5 29.Nf5 Qxe4
30.Nxd6 Qe6 31.Nxb7 Kxb7 32.Qxd8 Qe1+ 33.Ka2 Qe6+ 34.b3 Qe5 35.Qd7+ Kb6 36.b4 Qc3
37.Qf5 Kb7 38.Qe4+ Kb6 39.Qe6+ Kb7 40.Qd5+ Kb6 41.Qe6+ Kc7 42.Qb3 Qe5 43.Qc4+ Kb7
44.a4 Kb6 45.Qd3 Qe6+ 46.Kb2 Qe5+ 47.Kb3 f5 48.Qd7 a5 49.b5 f4 50.Qc6+ Ka7
51.c3 Kb8 52.b6 f3 53.Qd7  1-0

[Event "22nd ZMDI Open 2013"]
[Site "Dresden GER"]
[Date "2013.08.13"]
[Round "4.5"]
[White "Heberla,B"]
[Black "Bryzgalin,K"]
[Result "1/2-1/2"]
[WhiteElo "2542"]
[BlackElo "2465"]

1.e4 c5 2.Nf3 Nc6 3.Nc3 e6 4.Bb5 Nge7 5.O-O a6 6.Bxc6 Nxc6 7.d4 cxd4 8.Nxd4 Nxd4
9.Qxd4 b5 10.a4 b4 11.Nd5 Rb8 12.Re1 f6 13.a5 Rb5 14.Qc4 Rc5 15.Qb3 Rxa5
16.Rb1 Bb7 17.Bf4 e5 18.Be3 Bxd5 19.exd5 Bd6 20.c4 bxc3 21.bxc3 Ra3 22.Qc2 O-O
23.c4 Qa5 24.c5 Rxe3 25.Rxe3 Bxc5 26.Reb3 g6 27.Rb7 Rf7 28.Rc1 Bf8 29.Qc4 Kg7
30.Ra7 Ba3 31.Rd1 Qc5 32.Qxa6 Bb2 33.Qa4 Qd6 34.Ra6 Qc5 35.Ra7 Qd6 36.Qa6 Qc5
37.Qa5 Bd4 38.Qxc5 Bxc5 39.Rb7 f5 40.Rc1 d6 41.Rcb1 h5 42.Kf1 e4 43.Rxf7+ Kxf7
44.Rb8 Bd4 45.Ke2 Be5 46.h3 Bd4 47.Rc8 Ke7 48.Rg8 Kf7 49.Rb8 Ke7 50.f3 exf3+
51.Kxf3 Be5 52.h4 Kf7 53.Rb7+ Kf6 54.Rd7 g5 55.hxg5+ Kxg5 56.Rd8 h4 57.Rg8+ Kf6
58.Re8 Kg5 59.Re6 Bg3 60.Ke3 Kh5 61.Kd3 Kg5 62.Kd4 Kh5 63.Re7 Kg5 64.Re8 Bf2+
65.Kc4 Bc5 66.Rh8 Kg4 67.Rg8+ Kf4 68.Rg7 Ba3 69.Kb5 Bb2 70.Rg6 Be5 71.Re6 Ke4
72.Kc6 h3 73.gxh3 f4 74.Rg6 f3 75.Rg1 f2 76.Rb1 Kf3 77.h4 Kg2 78.h5 f1=Q
79.Rxf1 Kxf1 80.h6 Ke2 81.h7  1/2-1/2

[Event "22nd ZMDI Open 2013"]
[Site "Dresden GER"]
[Date "2013.08.13"]
[Round "4.3"]
[White "Sengupta,D"]
[Black "Greenfeld,A"]
[Result "0-1"]
[WhiteElo "2580"]
[BlackElo "2552"]

1.e4 c5 2.Nc3 Nc6 3.Bb5 Nd4 4.Nf3 a6 5.Bd3 Nc6 6.O-O g6 7.e5 Bg7 8.Re1 d5
9.exd6 Qxd6 10.Ne4 Qc7 11.Bf1 Nh6 12.c3 Ng4 13.h3 h5 14.d4 cxd4 15.Bg5 Bf5
16.hxg4 hxg4 17.Nf6+ Kf8 18.Nd5 Qd6 19.Nxe7 gxf3 20.g3 Be6 21.Nxc6 Qxc6 22.cxd4 Qd5
23.Qd2 Bh3 24.Bxh3 Rxh3 25.Qf4 Rh5 26.Bf6 Rf5 27.Be7+ Kg8 28.Qe4 Bxd4 29.Qxd5 Rxd5
30.Rad1 Re8 31.Rd2 f6 32.Re4 Bxf2+ 33.Rxf2 Rd1+ 34.Rf1 Rxf1+ 35.Kxf1 Kf7
36.Rb4 Rxe7 37.Kf2 b5 38.Kxf3 Re5 39.Rd4 Ke6 40.Rd8 Rd5 41.Ra8 Rd6 42.Ke4 f5+
43.Kf4 Rd4+ 44.Ke3 Ra4 45.a3 Kf6 46.Kf3 Kg5 47.Rd8 Rc4 48.Rd6 Rc2 49.Rxa6 Rxb2
50.Rb6 Rb3+ 51.Kf2 Kh5 52.Ra6 g5 53.a4 Kg4 54.axb5 Rb2+ 55.Ke1 Kxg3  0-1

[Event "24th ch-NATO 2013"]
[Site "Rynia POL"]
[Date "2013.08.14"]
[Round "5.6"]
[White "Wantiez,F"]
[Black "Rosenkilde,A"]
[Result "1-0"]
[WhiteElo "2279"]
[BlackElo "2262"]

1.e4 c5 2.Nc3 Nc6 3.Bb5 Nd4 4.Nf3 Nxb5 5.Nxb5 d6 6.d4 cxd4 7.Qxd4 a6 8.Nc3 Bg4
9.Nd5 Rc8 10.Be3 Nf6 11.Nb6 e5 12.Qa4+ Rc6 13.O-O-O Nd7 14.Nd5 Be7 15.Rd2 O-O
16.Qb3 b5 17.Rhd1 Be6 18.Nxe7+ Qxe7 19.Qa3 Rfc8 20.Ne1 Nc5 21.Bxc5 dxc5 22.Qa5 f6
23.Rd8+ Rxd8 24.Rxd8+ Kf7 25.Qd2 Rc8 26.Rd6 Qb7 27.f4 Qxe4 28.fxe5 Qxe5 29.Nf3 Qe4
30.Rxa6 Rc7 31.b3 Bf5 32.Rd6 h6 33.a3 Kg6 34.Rb6 c4 35.Qc3 Qf4+ 36.Kb2 Kh7
37.b4 Re7 38.Rxb5 Re2 39.Rxf5 Qxf5 40.Nd4 Qe5 41.Nxe2 Qxe2 42.b5 Qxg2 43.Qxc4 Qf2
44.a4 f5 45.a5 f4 46.b6  1-0

[Event "SS Manhem IM 2013"]
[Site "Gothenburg SWE"]
[Date "2013.08.15"]
[Round "8.5"]
[White "Berggren Torell,Harald"]
[Black "Westerberg,J"]
[Result "0-1"]
[WhiteElo "2114"]
[BlackElo "2413"]

1.e4 c5 2.Nf3 Nc6 3.Nc3 a6 4.d4 cxd4 5.Nxd4 e6 6.Be2 Qc7 7.Be3 Nf6 8.a3 b5
9.Nxc6 dxc6 10.f4 e5 11.O-O Bd6 12.f5 Bb7 13.Bf3 c5 14.Bg5 c4 15.Bxf6 gxf6
16.Nd5 Bxd5 17.exd5 Ke7 18.c3 Rab8 19.Qe2 h5 20.Qe4 h4 21.h3 Rb6 22.Rfd1 Qc5+
23.Kh1 Qf2 24.Be2 Rg8 25.Rf1 Qc5 26.Rf4 Rg3 27.Bf3 Qf2 28.Rb1 Rxg2 29.Bxg2 Qxf4
30.Qxf4 exf4 31.Re1+ Be5 32.Be4 a5 33.Kg2 Rb8 34.Kf2 Kd6 35.Bf3 Kc5 36.Re4 Rd8
37.a4 Rxd5 38.axb5 Kxb5 39.Be2 Rd2 40.Kf3 Rxb2 41.Bxc4+ Kb6 42.Bxf7 Rh2 43.Kg4 Rg2+
44.Kxh4 f3 45.Rxe5 fxe5 46.Bd5 Kc5 47.f6 Rg6 48.f7 Rf6  0-1

[Event "3rd Split Open 2013"]
[Site "Split CRO"]
[Date "2013.08.15"]
[Round "6.5"]
[White "Bosiocic,Mari"]
[Black "Bontempi,P"]
[Result "1/2-1/2"]
[WhiteElo "2563"]
[BlackElo "2376"]

1.e4 c5 2.Nf3 Nc6 3.Nc3 g6 4.d4 cxd4 5.Nxd4 Bg7 6.Be3 Nf6 7.Bc4 O-O 8.Bb3 d6
9.f3 Bd7 10.Qd2 Nxd4 11.Bxd4 b5 12.a4 b4 13.Nd5 Nxd5 14.Bxg7 Kxg7 15.exd5 Qa5
16.O-O Qc5+ 17.Rf2 e5 18.dxe6 Bxe6 19.Bxe6 fxe6 20.Re1 Rae8 21.Re4 a5 22.Rh4 Kg8
23.Rd4 d5 24.h4 Rf5 25.Kf1 Qc6 26.b3 Qc7 27.Qe3 Re5 28.Qd2 Rc8 29.Rd3 Qc5
30.g3 Rc6 31.Kg2 Kg7 32.Qc1 Kg8 33.Qa1 Rf5 34.Rfd2 Qa7 35.Qe1 Qc7 36.Qf2 Re5
37.g4 Rc3 38.Kf1 Qc5 39.Rxc3 Qxc3 40.Rd3 Qa1+ 41.Kg2 Qc1 42.Rd2 Re1 43.Rd3 Re5
44.Rd2 Qe1 45.Kg3 Re3 46.Rd3 Re2 47.Qxe1 Rxe1 48.c3 bxc3 49.Rxc3 h6 50.g5 hxg5
51.hxg5 d4 52.Rc6 Kf7 53.Rd6 e5 54.Kf2 Re3 55.Rf6+ Kg7 56.Ra6 Rxb3 57.Ra7+ Kf8
58.Rxa5 Re3 59.Ra6 Kf7 60.Rf6+ Kg7 61.a5 Ra3 62.a6 Ra2+ 63.Ke1 Rg2 64.Kf1 Ra2
65.Rb6 Kf7 66.Ke1 Rg2 67.Rf6+ Kg7 68.Kf1 Ra2 69.Rd6 Kf7 70.Ke1 Rg2 71.Rd5 Ra2
72.Rxe5 Rxa6 73.Re4 Re6 74.Ke2 Rxe4+ 75.fxe4 Ke6 76.Kd2 Kd6 77.Ke2  1/2-1/2

[Event "Stare Mesto Open 2013"]
[Site "Stare Mesto CZE"]
[Date "2013.08.15"]
[Round "8.19"]
[White "Dobes,V"]
[Black "Fuskova,M"]
[Result "1/2-1/2"]
[WhiteElo "2105"]
[BlackElo "1914"]

1.e4 c5 2.Nf3 Nc6 3.Nc3 d6 4.d4 cxd4 5.Nxd4 e5 6.Nf5 Bxf5 7.exf5 Be7 8.Be3 Nf6
9.Bc4 Qd7 10.g4 h6 11.Qf3 O-O-O 12.Bxf7 Kb8 13.O-O-O Rhf8 14.Be6 Qc7 15.h4 Qa5
16.g5 hxg5 17.hxg5 Ne8 18.Rd5 Qa6 19.Rdd1 Nc7 20.Qe2 Qxe2 21.Nxe2 g6 22.Ng3 Nxe6
23.fxe6 d5 24.Rh6 Rxf2 25.Rg1 Rf3 26.Bd2  1/2-1/2

[Event "SS Manhem IM 2013"]
[Site "Gothenburg SWE"]
[Date "2013.08.16"]
[Round "9.5"]
[White "Westerberg,J"]
[Black "Johansson,Linus"]
[Result "1-0"]
[WhiteElo "2413"]
[BlackElo "2345"]

1.e4 c5 2.Nc3 Nc6 3.Bb5 d6 4.Bxc6+ bxc6 5.d3 e5 6.f4 exf4 7.Bxf4 Rb8 8.Nf3 Rxb2
9.O-O Be7 10.d4 Nf6 11.dxc5 d5 12.exd5 cxd5 13.Nd4 Bxc5 14.Na4 Rxc2 15.Nxc5 Rxc5
16.Qa4+ Qd7 17.Qb4 Ne4 18.Rac1 Qe7 19.Rxc5 Nxc5 20.Nc6 a5 21.Qxa5 Nb7 22.Nxe7 Nxa5
23.Nxc8 Kd7 24.Nb6+ Kc6 25.Be3 f6 26.Rc1+ Kd6 27.Rd1  1-0

[Event "21st Troya Open 2013"]
[Site "Canakkale TUR"]
[Date "2013.08.17"]
[Round "1.1"]
[White "Quparadze,G"]
[Black "Dedebas,Emre Emin"]
[Result "1-0"]
[WhiteElo "2500"]
[BlackElo "1809"]

1.e4 c5 2.Nf3 Nc6 3.Nc3 g6 4.d4 cxd4 5.Nxd4 Bg7 6.Be3 Nf6 7.Nb3 O-O 8.Be2 d6
9.O-O Be6 10.f4 Rc8 11.Kh1 Qd7 12.Qd2 Rfd8 13.Rad1 Bg4 14.Bg1 Bxe2 15.Qxe2 Qg4
16.Rf3 e5 17.h3 Qh5 18.Qf1 exf4 19.Rxf4 Qg5 20.Bh2 Ne5 21.Nd4 Nc4 22.Qf3 Ne5
23.Qf2 Nc4 24.Rf1 Rf8 25.Rxf6 Bxf6 26.Qxf6 Qxf6 27.Rxf6 Kg7 28.Rf3 Nxb2 29.Bxd6 Rfe8
30.Bf4 Rc4 31.Ndb5 Re6 32.Nc7 Rec6 33.N7d5 Na4 34.Be5+ Kf8 35.Kh2 Nxc3 36.Nxc3 a6
37.a3 b5 38.Nd5 Rxe4 39.Nf6 Re2 40.Nxh7+ Ke7 41.Bf6+ Ke8 42.Rd3 Rc8 43.c3 Re6
44.g4 Rec6 45.h4 Rc4 46.h5 Rxg4 47.h6 Rf4 48.Kg3 Rf5 49.Bg7 Ke7 50.Re3+ Kd6
51.Nf6 Rg5+ 52.Kf2 Rf5+ 53.Ke2 Rf4 54.Rh3  1-0

[Event "29th Metropolitan IM"]
[Site "Los Angeles USA"]
[Date "2013.08.17"]
[Round "6"]
[White "Amerkeshev,M"]
[Black "Korba,Nicky"]
[Result "1/2-1/2"]
[WhiteElo "2228"]
[BlackElo "2020"]

1.e4 c5 2.Nf3 Nc6 3.Nc3 g6 4.Bc4 Bg7 5.a3 Nf6 6.d3 O-O 7.O-O d6 8.h3 a6 9.Ba2 b5
10.Ne2 a5 11.Ng3 Ne8 12.c3 b4 13.d4 Nc7 14.Be3 cxd4 15.cxd4 d5 16.Rc1 Bb7
17.Bf4 e5 18.Bg5 Qd7 19.exd5 Nxd4 20.Nxd4 exd4 21.Ne4 Nxd5 22.Nc5 Qf5 23.Qg4 Qxg4
24.hxg4 Bc6 25.Nd3 Bb7 26.Nc5 Bc6 27.Ne6 fxe6 28.Rxc6 Rfe8 29.Rxe6 Rxe6 30.Bxd5 Re8
31.Re1 Kf7 32.f4 h6 33.Bh4 g5 34.fxg5 hxg5 35.Rxe6 Rxe6 36.Bxg5 bxa3 37.bxa3 Kg6
38.Bxe6 Kxg5  1/2-1/2

[Event "22nd Feffernitz Open 2013"]
[Site "Feffernitz GER"]
[Date "2013.08.18"]
[Round "2.2"]
[White "Stopa,Ja"]
[Black "Koefeler,C"]
[Result "1/2-1/2"]
[WhiteElo "2491"]
[BlackElo "2015"]

1.e4 c5 2.Ne2 Nc6 3.Nbc3 g6 4.d3 Bg7 5.h4 Nf6 6.Be3 d6 7.Nf4 Ng4 8.h5 Nxe3
9.fxe3 g5 10.Nfe2 h6 11.Ng3 Qa5 12.Qd2 e6 13.Be2 Qb4 14.Rb1 Be5 15.Nf1 O-O
16.a3 Bxc3 17.Qxc3 Qxc3+ 18.bxc3 Rb8 19.c4 f5 20.exf5 exf5 21.Bf3 Ne5 22.Bd5+ Kg7
23.Ng3 b6 24.Kd2 Bd7 25.Rbf1 Rbe8 26.Re1 Ng4 27.Re2 Rxe3 28.Nxf5+ Bxf5 29.Rxe3 Nxe3
30.Kxe3 Bg4 31.a4 Bd7 32.a5 Re8+ 33.Kd2 Bg4 34.axb6 axb6 35.Be4 Rb8 36.Bg6 b5
37.Ra1 bxc4 38.Ra7+ Kf6 39.dxc4 Rh8 40.Rb7 Ke6 41.Ke3 d5 42.cxd5+ Kxd5 43.Ra7 Ke5
44.Rc7 Kd6 45.Rg7 Rf8 46.Bf7 Bf5 47.Bg6 Bg4 48.Rh7 Rf6 49.Kd3 Ke5 50.Ke3 Bf5
51.Bxf5 Kxf5 52.Kf3 g4+ 53.Kg3 Kg5 54.Rg7+ Kxh5 55.Rxg4 Rf5 56.Kh3 Re5 57.Rg8 Re3+
58.g3 Rf3 59.Rg7 Re3 60.c4 Rc3 61.Rg8 Re3 62.Rc8 Re5 63.Rg8 Re3 64.Rd8 Re5
65.Kg2 Kg4 66.Rg8+ Rg5 67.Rh8 h5 68.Rf8 Re5 69.Rg8+ Rg5 70.Re8 Rf5 71.Re4+ Kg5
72.Kh3 Kf6 73.Kh4 Rf3 74.Re8 Rc3 75.Re4 Kg6 76.Re6+ Kf5 77.Rc6 Rxc4+ 78.Kxh5 Ke5
79.g4 Rc1 80.g5 c4 81.g6 Rh1+ 82.Kg5 Rg1+ 83.Kh6 Kd4 84.g7 Rxg7 85.Kxg7 Kd3
86.Kf6 c3 87.Ke5 c2 88.Rxc2 Kxc2  1/2-1/2

[Event "TCh-POR Div1 Final 2013"]
[Site "Matosinhos POR"]
[Date "2013.08.18"]
[Round "2.5"]
[White "Tiviakov,S"]
[Black "Guimaraes,R"]
[Result "1-0"]
[WhiteElo "2656"]
[BlackElo "2142"]

1.e4 c5 2.Nc3 Nc6 3.Bb5 Nd4 4.Bc4 g6 5.Nf3 Bg7 6.Nxd4 Bxd4 7.O-O a6 8.a4 e6
9.Ne2 Bg7 10.d4 d5 11.exd5 exd5 12.Ba2 c4 13.b3 b5 14.Ba3 Ne7 15.Nc3 Rb8
16.Bxe7 Kxe7 17.Qf3 Be6 18.Rfe1 Bxd4 19.Nxd5+ Kf8 20.Nf4 Kg7 21.c3 cxb3 22.cxd4 bxa2
23.Rxe6 bxa4 24.Ree1 Rb2 25.Nd3 Rb3 26.Qe4 Rb1 27.Rxa2 Re8 28.Qxe8 Qxe8 29.Rxb1 Qe4
30.Ra3 Qxd4 31.Rba1 h5 32.Ne1 g5 33.Rxa4 Qc3 34.h3 f5 35.Rxa6 g4 36.hxg4 hxg4
37.R6a3 Qd4 38.g3 f4 39.gxf4 Qxf4 40.Ng2 Qd4 41.Ra4  1-0

[Event "3rd Isthmia Open"]
[Site "Vrachati GRE"]
[Date "2013.08.18"]
[Round "1.11"]
[White "Ashwin,J"]
[Black "Sideris,T"]
[Result "1-0"]
[WhiteElo "2478"]
[BlackElo "2003"]

1.e4 c5 2.Nf3 Nc6 3.Nc3 g6 4.d4 cxd4 5.Nxd4 Bg7 6.Be3 Nf6 7.Bc4 Qa5 8.O-O d6
9.Nb3 Qd8 10.h3 O-O 11.f4 Bd7 12.Qd2 Qc8 13.Rae1 Nb4 14.Be2 a5 15.e5 Ne8
16.a3 a4 17.axb4 axb3 18.Nd5 Qxc2 19.Qd4 Ra2 20.Bc1 Bf5 21.Nxe7+ Kh8 22.Nxf5 Qxf5
23.Bc4 Nc7 24.Qxd6 Ne6 25.Bxb3 Ra6 26.Qd7 Nd8 27.Qxf5 gxf5 28.Bc2 Rb6 29.Bd2 Nc6
30.Bxf5 Nxb4 31.Be4 f6 32.e6 f5 33.Bxf5 Nc6 34.Bg4 Rxb2 35.Bc1 Ra2 36.Bf3 Nd4
37.Bh5 Bf6 38.e7 Rg8 39.e8=Q Nf3+ 40.Bxf3  1-0

[Event "12th Lichtenberger Sommer"]
[Site "Berlin GER"]
[Date "2013.08.19"]
[Round "3.91"]
[White "Gnass,Erhard"]
[Black "Lieder,G"]
[Result "1/2-1/2"]
[WhiteElo "1529"]
[BlackElo "1884"]

1.Nf3 c5 2.e4 Nc6 3.Nc3 d6 4.g3 g6 5.Bg2 Bg7 6.Rb1 Nf6 7.O-O O-O 8.d3 a6
9.Bg5 h6 10.Bxf6 Bxf6 11.Nd5 Bg7 12.c3 Rb8 13.h3 b5 14.Kh2 e6 15.Ne3 Bb7
16.Qd2 Kh7 17.Ng1 b4 18.c4 Qc7 19.f4 f5 20.exf5 gxf5 21.Ne2 Nd4 22.Bxb7 Qxb7
23.Nxd4 Bxd4 24.Nc2 Bg7 25.Ne3 Rbd8 26.Qg2 Qd7 27.Rf3 Rg8 28.b3 Bd4 29.Nc2 Bf6
30.Ne3 a5 31.Qd2 Ra8 32.g4 Bd4 33.gxf5 Bxe3 34.Rxe3 exf5 35.Rbe1 Rg7 36.d4 Rag8
37.R1e2 Qf7 38.d5 Qg6 39.Qe1  1/2-1/2

[Event "21st Troya Open 2013"]
[Site "Canakkale TUR"]
[Date "2013.08.19"]
[Round "4.1"]
[White "Yurtseven,M"]
[Black "Quparadze,G"]
[Result "1-0"]
[WhiteElo "2244"]
[BlackElo "2500"]

1.e4 c5 2.Nf3 Nc6 3.Nc3 a6 4.d4 cxd4 5.Nxd4 e6 6.Nxc6 bxc6 7.e5 Ne7 8.Bd3 Ng6
9.Qe2 Qc7 10.f4 d5 11.exd6 Bxd6 12.g3 Rb8 13.h4 Ne7 14.Ne4 O-O 15.Nxd6 Qxd6
16.b3 Qd5 17.Rf1 Nf5 18.Bb2 Qa5+ 19.Qd2 Qxd2+ 20.Kxd2 Rd8 21.g4 Nxh4 22.Rad1 h6
23.Rh1 Ng6 24.Kc1 Bb7 25.Rdf1 c5 26.Rh5 Ne7 27.Rxc5 Nd5 28.Be5 Rbc8 29.Rxc8 Rxc8
30.Be4 Bc6 31.Bxd5 Bxd5 32.c4 f6 33.Bc3 Bc6 34.Kd2 Kf7 35.Ke3 f5 36.Rg1 fxg4
37.Rxg4 g6 38.Rh4 h5 39.Rh2 Rg8 40.Be5 Rd8 41.Bd4 Rg8 42.Be5 a5 43.Bc7 Ra8
44.Kd4 Kf6 45.Kc5 Bf3 46.Kb5 Kf5 47.c5 Rc8 48.Bd6 e5 49.fxe5 g5 50.Kxa5 h4
51.e6 Kxe6 52.b4 Ra8+ 53.Kb6 Rh8 54.b5 Rh7 55.a4 g4 56.Ka6 Rh8 57.Kb6 Rh5
58.Rd2 g3 59.c6 Rh8 60.c7 Rc8 61.Bf4 Kf5 62.Rd8 Kxf4 63.Rxc8 Bg4 64.Rf8+ Ke4
65.Rg8 Bd7 66.Rg7 Bf5 67.Re7+ Kd4 68.Rf7 Be6 69.Rf6 Bc8 70.Rf8 Bh3 71.Rf4+ Ke5
72.Rxh4 g2 73.Rxh3 g1=Q+ 74.Kb7 Qg2+ 75.Kb8 Qxh3 76.c8=Q Qa3 77.Qc7+ Kf6
78.a5 Qb4 79.Qc6+ Kg5 80.a6 Qf8+ 81.Kb7 Qe7+ 82.Kb6 Qd8+ 83.Qc7 Qf6+ 84.Ka7 Qd4+
85.b6 Kh4 86.Ka8 Qa4 87.Qd8+ Kh3 88.Qd3+ Kh4 89.Ka7 Qb4 90.Qh7+ Kg4 91.Qg7+ Kf3
92.Qf6+ Kg2 93.Qc6+ Kh3 94.b7 Qe7 95.Ka8  1-0

[Event "ch-FRA w 2013"]
[Site "Nancy FRA"]
[Date "2013.08.19"]
[Round "8.4"]
[White "Leconte,M"]
[Black "Maisuradze,N"]
[Result "1/2-1/2"]
[WhiteElo "2246"]
[BlackElo "2288"]

1.e4 c5 2.Nc3 Nc6 3.Bb5 Nd4 4.Bc4 e6 5.Nge2 Nf6 6.O-O a6 7.d3 b5 8.Bb3 Nxb3
9.axb3 Bb7 10.f4 d6 11.f5 e5 12.Bg5 Be7 13.Ng3 Nd7 14.Bxe7 Qxe7 15.Nd5 Bxd5
16.exd5 O-O 17.Ne4 Nf6 18.Nxf6+ Qxf6 19.Qg4 a5 20.Qe4 Ra7 21.Ra3 h6 22.h4 Rfa8
23.Rf3 Kf8 24.g3 Ke7 25.Rf1 Kd7 26.c3 Ke8 27.Rfa1 Qe7 28.Kg2 f6 29.Kh3 Qb7
30.R3a2 Qd7 31.g4 Qf7 32.Ra3 Kd8 33.R3a2 Ke8 34.Ra3 Kd8 35.R3a2 Ke8  1/2-1/2

[Event "4th Sarkany-Aranytiz IM"]
[Site "Budapest HUN"]
[Date "2013.08.20"]
[Round "4"]
[White "Grigoryan,Meri"]
[Black "Torma,R"]
[Result "0-1"]
[WhiteElo "2052"]
[BlackElo "2385"]

1.e4 c5 2.Nc3 Nc6 3.Bb5 Nd4 4.Bc4 e6 5.Nge2 Nf6 6.O-O a6 7.Bb3 Nxb3 8.axb3 d6
9.d3 Be7 10.f4 O-O 11.Ng3 Ne8 12.f5 Bf6 13.Nh5 Bd4+ 14.Kh1 g6 15.Qg4 Ng7
16.Nxg7 Bxg7 17.fxg6 fxg6 18.Bg5 Qe8 19.Qh4 b6 20.Be7 Rxf1+ 21.Rxf1 Qd7 22.e5 d5
23.Bd6 Ra7 24.Na4 Rb7 25.Rf3 Qe8 26.Qf2 d4 27.c3 Bd7 28.cxd4 Bc6 29.Rf4 g5
30.Rg4 Qh5 31.Qg3 cxd4 32.h3 h6 33.Kh2 Bd5 34.Rxd4 Bxb3 35.Nc3 a5 36.Nb5 Rf7
37.Qe1 Qg6 38.Re4 Bd5 39.Re3 Qf5 40.Kg1 h5 41.Nc7 Bb7 42.Ne8 Qf4 43.Nc7 Qf5
44.Ne8 g4 45.hxg4 hxg4 46.Qe2 Qf4 47.Nxg7 Kxg7 48.Qe1 Qd4 49.Qg3 Rf3 50.gxf3 Qxe3+
51.Qf2 Qc1+ 52.Qf1 Qf4 53.Qf2 Bxf3 54.Qh4 Qc1+ 55.Kf2 Qd2+  0-1

[Event "9th BDO Premier"]
[Site "Haarlem NED"]
[Date "2013.08.20"]
[Round "4.4"]
[White "Dourerassou,J"]
[Black "Svane,R"]
[Result "1/2-1/2"]
[WhiteElo "2488"]
[BlackElo "2425"]

1.e4 c5 2.Nc3 Nc6 3.Nf3 g6 4.d4 cxd4 5.Nxd4 Bg7 6.Be3 Nf6 7.Bc4 O-O 8.Bb3 a5
9.Ndb5 a4 10.Nxa4 Qa5+ 11.Nac3 Nxe4 12.Qd3 Nxc3 13.Nxc3 d5 14.Bd2 d4 15.Ne4 Qc7
16.O-O Bf5 17.Rfe1 Na5 18.Bxa5 Rxa5 19.Qd2 b6 20.Re2 Bg4 21.f3 Bc8 22.Ng3 Rd8
23.Rae1 e6 24.Rd1 Be5 25.Qe1 Bf4 26.Nf1 Ba6 27.Re4 Bxf1 28.Kxf1 Bxh2 29.Rexd4 Rxd4
30.Rxd4 Bg3 31.Qd2 Re5 32.Re4 Rxe4 33.fxe4 Qe5 34.Qe3 Bf4 35.Qxb6 Qxe4 36.a4 Be3
37.Qd8+ Kg7 38.Qd1 Qf4+ 39.Qf3 Qe5 40.c3 Bb6 41.Bc2 Qg5 42.Bd1 Qc1 43.Qe2 Qf4+
44.Qf3 Qc1 45.Qe2 h5 46.Ke1 Qf4 47.Qf3 Qc1 48.Qe2 Qg5 49.Qe4 Qc1  1/2-1/2

[Event "21st Troya Open 2013"]
[Site "Canakkale TUR"]
[Date "2013.08.21"]
[Round "6.6"]
[White "Eminov,O"]
[Black "Uzun,F"]
[Result "1-0"]
[WhiteElo "2260"]
[BlackElo "2039"]

1.e4 c5 2.Ne2 Nc6 3.Nbc3 Nf6 4.g3 d5 5.exd5 Nxd5 6.Bg2 e6 7.Nxd5 exd5 8.d4 Be6
9.O-O g5 10.Be3 c4 11.f4 Qd7 12.fxg5 O-O-O 13.Nf4 h6 14.g6 h5 15.gxf7 Bg4
16.Qe1 Ne7 17.h3 Bf5 18.b3 Bh6 19.bxc4 Bxf4 20.Bxf4 Be4 21.Bxe4 dxe4 22.Qxe4 Qxd4+
23.Qxd4 Rxd4  1-0

[Event "21st Troya Open 2013"]
[Site "Canakkale TUR"]
[Date "2013.08.21"]
[Round "6.3"]
[White "Yurtseven,M"]
[Black "Morchiashvili,B"]
[Result "0-1"]
[WhiteElo "2244"]
[BlackElo "2355"]

1.e4 c5 2.Nf3 Nc6 3.Nc3 g6 4.d4 cxd4 5.Nxd4 Bg7 6.Be3 Nf6 7.Bc4 O-O 8.Bb3 Qa5
9.O-O d6 10.h3 Bd7 11.f4 Rad8 12.Nde2 Bc8 13.Qe1 b6 14.Rd1 Ba6 15.g4 b5 16.g5 Nh5
17.f5 b4 18.Nd5 Bxb2 19.Nef4 Bxf1 20.Nxh5 gxh5 21.Qxf1 Kh8 22.Qe2 e6 23.Nf6 Bxf6
24.gxf6 Rg8+ 25.Kh1 Qe5 26.Bf2 Qxf6 27.Qxh5 Qg7 28.Rg1 Qe5 29.Re1 Rg7 30.Bh4 Rdg8
31.Qh6 Qxe4+  0-1